000 00462nam a2200157 i 4500
001 71154
003 ES-MaACL
005 20230906171035.0
007 t|
008 040806s1910 ag ||||1| spa d
100 1 _aGauna Vélez, Eduardo.
_956016
245 1 0 _aHonor y respeto
_b: principales hombres de la independencia /
_cEduardo Gauna Vélez.
260 _aBuenos Aires :
_bGabant y Cia.,
_c1910.
300 _a239 p. ;
_c19 cm.
852 _aES-MaACL
_jD-1364
999 _c71154
_d71154